000 00280nam a22001337a 4500
008 171031b xxu||||| |||| 00| 0 eng d
020 _a2900324655543
041 _aeng
080 _a33
100 _a58
101 _aBUS
245 _aBUSINESS
_cJENNINGS, M.M
942 _2udc
_cBK
999 _c36803
_d36803